| 000 | 00380nam a2200145Ia 4500 | ||
|---|---|---|---|
| 008 | 210210b1963 xxu||||| |||| 00| 0 eng d | ||
| 082 | _a321.9 AREO | ||
| 100 | _aARENDT (Hannah). | ||
| 245 | _aOrigins of totalitarianism. | ||
| 260 |
_aNY _bThe World Publishing Co _c1963 |
||
| 300 | _axv,520 | ||
| 650 | _aTotarianism authoritorianism | ||
| 690 | _aGovernments | ||
| 906 | _a041838 | ||
| 999 |
_c91837 _d91837 |
||